| 000 | 01533cas a2200421 a 4500 | ||
|---|---|---|---|
| 001 | 73 | ||
| 003 | BD-RjUL | ||
| 005 | 20211208233115.0 | ||
| 008 | 131107c19709999ii a||| 0 a eng | ||
| 030 | _aIJMHAU | ||
| 035 | _a(OCoLC)ocm01639468 | ||
| 035 | _a(BD-RjUL)81 | ||
| 040 |
_aDLC _cMnMULS _dNIC _dInU _dN _dAIP _dNSDP _dDLC _dNST _dICRL _dNST _dOCoLC _dDLC _dOCoLC _dUKMGB _dTxCM _dBD-RjUL |
||
| 042 |
_ansdp _apcc |
||
| 082 | 0 | 0 |
_a510 _219 _bIJP |
| 245 | 0 | 0 | _aIndian journal of pure and applied mathematics. |
| 246 | 1 |
_iSome issues have title: _aIndian journal of pure & applied mathematics |
|
| 260 |
_aNew Delhi : _bNational Institute of Sciences of India, _c[1970- |
||
| 300 |
_av. ; _c25 cm. |
||
| 321 |
_aFour issues a year, _b1970-1972 |
||
| 321 |
_aMonthly, _b1973-2005 |
||
| 550 | _aVols. for Feb. 1970- published by the Academy under its later name: Indian National Science Academy. | ||
| 650 | 0 |
_aMathematics _vPeriodicals. _9257 |
|
| 710 | 2 |
_aIndian National Science Academy. _9259 |
|
| 776 | 0 | 8 |
_iOnline version: _tIndian journal of pure and applied mathematics _x0975-7465 _w(DLC) 2012263204 _w(OCoLC)613811982 |
| 906 |
_a7 _bcbc _cserials _du _encip _f19 _gn-oclcserc |
||
| 942 |
_2ddc _cCR |
||
| 999 |
_c73 _d73 |
||